000 01123nam a2200265 i 4500
001 46245
003 ES-MaACL
005 20251003191626.0
007 t|
008 030328s1973 fr ||||1| fre d
100 1 _aCombes, André.
_939969
245 1 0 _aJean Gerson, commentateur dionysien
_b: les "Notulae super quaedam verba Dionysii de Caelesti Hierarchia"...: démonstration de son authenticité: appendices historiques pour l'histoire des courants doctrinaux a l'Université de Paris a la fin du XIVe siècle /
_cpar André Combes... ; préface de Etienne Gilson.
250 _a2ª ed.
260 _aParis :
_bJ. Vrin,
_c1973.
300 _aXVIII, 732 p. ;
_c26 cm.
490 1 _aÉtudes de philosophie médiévale ;
_v30
504 _aBibliografía: p. 689-713.
600 0 4 _aPseudo Dionisio Areopagita.
_994102
600 1 4 _aGerson, Jean-
_xCrítica e interpretación.
_9164553
700 1 _aGilson, Étienne,
_d1884-1978
_957015
700 1 _aGerson, Jean.
_9164554
830 0 _aÉtudes de philosophie médiévale ;
_v30
_9183352
852 _aES-MaACL
_jG-7027
_bR.113799
999 _c46245
_d46245